Quizzes
Events
Quiz Creation
Community
Videos
Private Events
Remove Ads
Sign In
Join for FREE
Feedback
Dark Mode
Quiz Categories
Sports
Geography
Music
Movies
Television
Just For Fun
Miscellaneous
History
Literature
Language
Science
Gaming
Entertainment
Religion
Holiday
For Kids
Quiz Lab
Recent
Popular Today
Quiz Kudos Today
Editor Picks
Curator Picks
Quizzes by...
Day
Popularity
Type
Ratings
Length
Year
Community
Subscriptions
Recent Discussions
Orange Saloon
Badges
Playlists
Quests
Create
Leaderboards
Showdown
Live 5
Trivia Bingo
Activity
Puzzle Library
Sporcle Events
Private Events
Virtual Trivia
Globe League
Become a Host
Pub Owners
SporcleCon
Opinionation
Our Games
Videos
Blog
Mobile Apps
Partnerships
Remove Ads and Go Orange
Feedback
Entertainment
Celebrity
Famous
Musical
Broadway
Show
Quote
Comic Books
Anime
Superhero
DC Comics
Marvel
Cartoons
Animation
Entertainment
Celebrity
Famous
Musical
Broadway
Show
Quote
Comic Books
Anime
Superhero
DC Comics
Marvel
Cartoons
Animation
Random Quiz
Search Sporcle
×
Quiz Lab
Quiz Lab
Entertainment
Guild Wars
Type in answers that appear in a list
Type in answers that appear in a list
Classic
Best Score? Go Orange.
Trivia: Guild Wars 2 Stats
Can you name the components of Guild Wars 2?
By
BelgianGuy
15m
131 Questions
649 Plays
649 Plays
649 Plays
Comments
Comments
Give Quiz Kudos
Give Quiz Kudos
-
- Ratings
hide this ad
More Info
Replay
Link that replays current quiz
Next Quiz
Link to next quiz in quiz playlist
You Got
0%
They Got
Avg Score
66%
Avg Friend Score
Upgrade to see
Score Distribution
Jump to the score distribution portion of the page
Score
0/131
Timer
15:00
0
Plays Today
Category
Answer
% Correct
Playable Races
Human
95.1%
Professions
Mesmer
94.9%
Playable Races
Asura
94.9%
Playable Races
Charr
94.8%
Playable Races
Norn
94.3%
Professions
Warrior
94.1%
Professions
Necromancer
93.8%
Professions
Elementalist
93.7%
Professions
Guardian
93.7%
Playable Races
Sylvari
93.7%
Professions
Ranger
92.9%
Professions
Thief
92.6%
Professions
Engineer
92.1%
Cities
Lion's Arch
90.4%
Weapons
Sword
90.3%
Cities
Divinity's Reach
88.1%
Cities
Black Citadel
87.7%
Professions
Revenant
87.4%
Weapons
Staff
87%
Weapons
Longbow
86.7%
Weapons
Shortbow
86.6%
Cities
The Grove
86.4%
Cities
Rata Sum
86.3%
Weapons
Dagger
86.3%
Weapons
Greatsword
86.1%
Orders
Order of Whispers
85.3%
Members of Destiny's Edge
Logan Thackeray
84.4%
Weapons
Pistol
84%
Cities
Hoelbrak
83.3%
Members of Destiny's Edge
Rytlock Brimstone
83%
Weapons
Focus
82.9%
Members of Destiny's Edge
Eir Stegalkin and Garm
82.4%
Weapons
Rifle
82.4%
Members of Destiny's Edge
Caithe
82.1%
Weapons
Axe
81.9%
Weapons
Shield
81.9%
Crafting Disciplines
Weaponsmith
81.2%
Elder Dragons
Zhaitan
80.9%
Crafting Disciplines
Armorsmith
80.7%
Weapons
Scepter
80.1%
Orders
Vigil
79.9%
Weapons
Hammer
79.6%
Charr Legions
Iron Legion
79.5%
Charr Legions
Blood Legion
79.2%
Category
Answer
% Correct
Orders
Durmand Priory
79%
Crafting Disciplines
Chef
78.7%
Weapons
Spear
78.5%
Weapons
Mace
78.4%
Weapons
Trident
76.7%
Members of Destiny's Edge
Zojja
75.9%
Elder Dragons
Jormag
75.8%
Crafting Disciplines
Jeweler
75.5%
Crafting Disciplines
Tailor
75.5%
Weapons
Harpoon Gun
75%
Crafting Disciplines
Artificer
75%
Elder Dragons
Mordremoth
74.9%
Weapons
Torch
74.5%
Crafting Disciplines
Huntsman
73.9%
Crafting Disciplines
Leatherworker
73.8%
Charr Legions
Ash Legion
73.3%
Human Gods
Balthazar
73%
Spirits of the Wild
Wolf
71.5%
Weapons
Warhorn
71.1%
Spirits of the Wild
Bear
71%
Dungeons
Ascalonian Catacombs
70.5%
Human Gods
Grenth
70.4%
Spirits of the Wild
Raven
69.8%
Living World Main Characters (Season 2)
Braham Eirsson
69.5%
Dungeons
The Ruined City of Arah
68.4%
Living World Main Characters (Season 2)
Taimi
68.3%
Zones (Kryta)
Queensdale
67.9%
Dungeons
Caudecus' Manor
67.6%
Members of Destiny's Edge
Snaff (deceased)
66.4%
Human Gods
Lyssa
66%
Dungeons
Twilight Arbor
65.9%
Spirits of the Wild
Snow Leopard
65.7%
Human Gods
Dwayna
65.3%
Day Time Cycles
Cycle of Night
65%
Living World Main Characters (Season 2)
Rox Whetstone
64.4%
Living World Main Characters (Season 2)
Lady Kasmeer Meade
63%
Zones (Maguuma Wastes)
The Silverwastes
62.9%
Elder Dragons
Primordus
62.8%
Living World Main Characters (Season 2)
Marjory Delaqua
62.8%
Day Time Cycles
Cycle of Dawn
62.2%
Human Gods
Kormir
62%
Elder Dragons
Kralkatorrik
61.7%
Zones (Maguuma Wastes)
Dry Top
61.3%
Day Time Cycles
Cycle of Dusk
61.1%
Category
Answer
% Correct
Human Gods
Melandru
60.3%
Dungeons
Citadel of Flame
60%
Zones (Kryta)
Kessex Hills
59.4%
Zones (Ascalon)
Plains of Ashford
57.4%
Zones (Maguuma Jungle)
Caledon Forest
56.8%
Human Military Orders
Seraph
56.3%
Zones (Maguuma Jungle)
Metrica Province
56%
Dungeons
Honor of the Waves
55.6%
Zones (Kryta)
Gendarran Fields
55.4%
Zones (Maguuma Jungle)
Brisban Wildlands
54.9%
Zones (Orr)
Straits of Devastation
54.3%
Zones (Orr)
Malchor's Leap
54%
Dungeons
Crucible of Eternity
53.9%
Zones (Shiverpeaks)
Wayfarer Foothills
53.7%
Zones (Kryta)
Harathi Hinterlands
53.4%
Day Time Cycles
Cycle of Noon
52.9%
Zones (Ascalon)
Fields of Ruins
52.6%
Zones (Orr)
Cursed Shore
51.7%
Dungeons
Sorrow's Embrace
51.1%
Zones (Kryta)
Bloodtide Coast
50.3%
Zones (Shiverpeaks)
Lornar's Pass
50.2%
Zones (Ascalon)
Diessa Plateau
50%
Zones (Maguuma Jungle)
Sparkfly Fen
50%
Zones (Shiverpeaks)
Frostgorge Sound
49.4%
Elder Dragons
Deep Sea Dragon
48.6%
Zones (Maguuma Jungle)
Mount Maelstrom
48.3%
Asuran Colleges
College of Dynamics
48%
Zones (Ascalon)
Iron Marches
47.5%
Zones (Ascalon)
Fireheart Rise
46.3%
Zones (Shiverpeaks)
Snowden Drifts
46%
Zones (Shiverpeaks)
Dredgehaunt Cliffs
46%
Asuran Colleges
College of Synergetics
45.8%
Asuran Colleges
College of Statics
45.7%
Zones (Ascalon)
Blazeridge Steppes
44.6%
Zones (Shiverpeaks)
Timberline Falls
42.9%
Human Military Orders
Shining Blade
41.4%
Dungeons
Fractals of the Mists
38.8%
Human Military Orders
Ministry Guard
31.2%
Tutorial Missions
The Great Hunt (Norn)
22.5%
Tutorial Missions
Defending Shaemoor (Human)
19%
Tutorial Missions
Explosive Intellect (Asura)
16.2%
Tutorial Missions
Fighting the Nightmare (Sylvari)
15%
Tutorial Missions
Fury of the Dead (Charr)
12.3%
Quiz Playlist
Details
Report
Send in Message
Add To Playlist
More Info:
Last updated Feb 5, 2015
Classic:
Type in answers that appear in a list
Quiz Source
Last Updated: Feb 16, 2017
Quiz Scoreboard
CHALLENGE
Sign Up to Join the Scoreboard
Show All
Scores
Hide
Comments
May contain spoilers
Recently Published
An Introduction to Baseball
by treessimontrees
Sports
5m
Movies - When Are They Set?
by FPL_Elf
Movies
5m
Popular People in 1961
by mucciniale
History
6m
More to Explore
Quiz From the Vault
Featured Blog Post
Where Did the Easter Bunny Come From?
hide this ad
You Might Also Like...
Tags
guild
Guild Wars
Two
Today's Top Quizzes in Entertainment
Browse Entertainment
hide this ad
Top Contributed Quizzes in Entertainment
1
Kamen Rider Motifs
2
Dragon Ball Z: Goku's Fights in Order
3
Dragon Ball Z: Mega Character Search
4
Marvel Characters Bunker
5
Criteria Quickie: Cartoon Taxonomy II
6
One Piece Arcs By Order III
7
Fictional Villains Letter U Blitz
8
Ana Gasteyer or Kathryn Hahn?
9
One Thing in Common: Fictional Characters
10
Dragon Ball Z: Super Saiyans in Order
Explore More
Trending Topics
NBA
Kpop
Disney
Marvel
Harry Potter
Anime
Crossword
Soccer
The Office
WWE
Country
Pokémon
NFL
Puzzle
Song
hide this ad
More By:
BelgianGuy
Quiz
Plays
Rating
Category
Featured
Created
Top XIs: FC Barcelona
13,332
4.88
Sports
Feb 13, 2015
Top XIs: Real Madrid
13,114
4.93
Sports
Jul 10, 2013
Top XIs: AC Milan
12,502
4.80
Sports
Feb 20, 2015
Top XIs: Internazionale
11,154
4.86
Sports
Feb 12, 2015
Top XIs: AS Roma
11,147
5.00
Sports
Feb 10, 2015
Go to Creator's Profile
Score Distribution
Quiz Creator Spotlight
BelgianGuy
Follow
Send a Message
Quizzes Created
-
Created Quiz Play Count
-
More By This Creator
Popular Quizzes Today
1
Find the Countries of Europe - No Outlines Minefield
2
Find the US States - No Outlines Minefield
3
The Countries of the World
4
Popular People in 1961
5
US States
6
1-10 Letter E Words III
7
Find the US States
8
One Thing in Common: World Cities II
More Entertainment Quizzes
Only 5 Years Apart II
Published
Trending Quizzes
Risky Map Clicking: Least Populous States A-Z
1-10 Letter F Words
1-10 Letter G Words
One Thing in Common: United Kingdom
Risky Map Clicking: Next State Alphabetically
Recently Updated
Leaping Animals
pecheneg
Reality TV Shows (A-Z)
bhenderson79
Rickey Henderson's Hall of Fame Teammates
pecheneg
Champions League XIs: Arsenal
pecheneg
Quick Pick: Celebrities in WWE's Hall of Fame
aduchscher
A-Z Keypad Blitz II
pecheneg
Multiple Oscar Actors
pecheneg
Mystery Phrase Blitz: Oscar 'Best Actors'
pecheneg
F. Scott Fitzgerald Novels
LTH
Pick 3 Villains
ddd62291
Trending Topics
NBA
Marvel
Crossword
Anime
Kpop
Disney
Harry Potter
Pokémon
Puzzle
Soccer
The Office
Song
Country
WWE
NFL
Your Account Isn't Verified!
In order to create a playlist on Sporcle, you need to verify the email address you used during registration. Go to your
Sporcle Settings
to finish the process.
Report this User
Report this user for behavior that violates our
Community Guidelines
.
Details:
Send Report
Go to the Sporcle.com Mobile Site →
Comments